D. Ioannes Evangelista. Rodolphi Gvaltheri Tigurini in Euangelium Iesu Christi secundùm Ioannem Homiliae CLXXX. : Accesservnt Operi Indices Dvo Rerum et Locorum Scripturae, quae hoc libro explicantur

Bibliographic Details
Main Author: Walther, Rudolf, starší, 1519-1586 (Author, Dedicator)
Corporate Author: Froschauer, Christoph mladší (Zürich, Švajčiarsko) (Printer)
Other Authors: Froschauer, Christoph, mladší, 1532-1585 (Printer)
Format: Book
Language:Latin
PhysicalDescription:16 nečíslovaných strán, 408 strán, 1 nečíslovaný list 2° 33 cm
Subjects:

MARC

LEADER 00000nam a2200000 a 4500
001 vtls011994795
003 SK-MaSNL
005 20260301230103.0
008 251112 1565 sz 011 0 lat
015 |a SNBHFA1565 
040 |a SNKHF  |b slo  |c SNKHF  |e rda 
041 |a lat 
044 |a sz  |c CH 
072 7 |a 2  |x Náboženstvo  |2 konspekt 
080 |a 2-475.5  |2 2011 
080 |a 21/29-1/-9  |2 2011 
080 |a 2-27  |2 2011 
080 |a 27-246  |2 2011 
100 1 |a Walther, Rudolf,  |c starší,  |d 1519-1586  |4 aut  |4 dto  |9 173086 
245 1 0 |a D. Ioannes Evangelista. Rodolphi Gvaltheri Tigurini in Euangelium Iesu Christi secundùm Ioannem Homiliae CLXXX. : Accesservnt Operi Indices Dvo Rerum et Locorum Scripturae, quae hoc libro explicantur 
264 3 |a Tigvri  |b Excvdebat Christophorvs Froschovervs  |c M.D.LXV (1565) 
300 |a 16 nečíslovaných strán, 408 strán, 1 nečíslovaný list  |c 2°  |c 33 cm 
336 |a text  |b txt  |2 rdacontent 
337 |a bez média  |b n  |2 rdamedia 
338 |a zväzok  |b nc  |2 rdacarrier 
500 |a Vinety, vlys, iniciálky s ornamentálnym pozadím v rámčeku na 6 riadkov, kustody 
504 |a Marginálie 
508 |a Dedikácia: Gwalther, Rudolf; Steiger, Johann 
510 4 |a VD16  |c W/1037 
546 |a Latinčina  |b Antikva 
561 |a Z knižnice Učenej spoločnosti malohontskej.  |5 SNK IB 75048 
563 |a Väzba: papierová, poškodená.  |5 SNK IB 75048 
630 0 7 |a Biblia  |p Nový zákon  |l Latinsky  |2 SNKPH  |9 305346 
650 0 7 |a kázne  |2 SNKPH  |9 1954 
650 0 7 |a náboženstvo  |2 SNKPH  |9 2023 
650 0 7 |a biblistika  |2 SNKPH  |9 1798 
700 1 |a Froschauer, Christoph,  |c mladší,  |d 1532-1585  |4 prt  |9 127766 
700 1 |a Steiger, Johann,  |d asi 1515-1581  |4 hnr  |9 72152 
710 2 |a Učená spoločnosť malohontská  |4 fmo  |9 205374 
710 0 |a Froschauer, Christoph mladší (Zürich, Švajčiarsko),  |d 1564-1585  |4 prt  |9 180163 
752 |a Švajčiarsko  |d Zürich 
852 |a snk  |b Historické fondy  |p IB 75048 
999 |c 953439  |d 955369 
952 |t MHB II.B.g. 270  |a SNK  |b SNK  |c SNK_HF  |y PREZ  |7 0  |p 17A1358363  |o snkIB 75048  |i snk2020/17281  |8 5  |0 0  |1 0  |4 0  |d 2020-09-29  |l 0  |r 2026-02-24 09:55:19  |w 2026-02-24